Представление документа в формате MARC21

Поле Инд. ПП Название Значение
Тип записи a
Библиографический уровень m
001 Контрольный номер RU/IS/BASE/210170071
005 Дата корректировки 20240123162941.8
008 Кодируемые данные 20060829
041 a Код языка текста rus
084 a Индекс другой классификации/Индекс ББК 9
090 a Полочн. индекс 95.2
x Авторский знак G 37
245 a Заглавие GEOFocus
b Продолж. заглавия увлекательный мир: Земля
c Ответственность учредитель: Грунер+Яр; гл. ред. Н. Моисеева
n Номер части/ раздела №5/2005
260 a Место издания Москва
b Издательство Грунер+Яр
c Дата издания 2005
300 a Объем 82 с.
500 a Примечание Журнал
a Примечание Главная тема номера: За стеклом
a Примечание Подарочный экземпляр
650 a Основная рубрика универсальная тематика
653 a Ключевые слова Великая Отечественная война 1941-1945
a Ключевые слова военные парады
a Ключевые слова дьявол
a Ключевые слова дьяволизм
a Ключевые слова животные
a Ключевые слова исчезающие биологические виды
a Ключевые слова конопля
a Ключевые слова редкие животные
a Ключевые слова спасатели
a Ключевые слова шоу
a Ключевые слова шоу-бизнес
a Ключевые слова электричество
773 w Контрольный № источника RU/IS/BASE/407523519
901 t Тип документа s